<?xml version="1.0" encoding="UTF-8"?>
<record
    xmlns:xsi="http://www.w3.org/2001/XMLSchema-instance"
    xsi:schemaLocation="http://www.loc.gov/MARC21/slim http://www.loc.gov/standards/marcxml/schema/MARC21slim.xsd"
    xmlns="http://www.loc.gov/MARC21/slim">

  <leader>01460nam a22002057a 4500</leader>
  <datafield tag="999" ind1=" " ind2=" ">
    <subfield code="c">357948</subfield>
    <subfield code="d">357948</subfield>
  </datafield>
  <controlfield tag="003">IT-MiCISF</controlfield>
  <controlfield tag="005">20180709115948.0</controlfield>
  <controlfield tag="008">180709b           ||||| |||| 00| 0 eng d</controlfield>
  <datafield tag="040" ind1=" " ind2=" ">
    <subfield code="c">IT-MiCISF</subfield>
  </datafield>
  <datafield tag="041" ind1=" " ind2=" ">
    <subfield code="a">it</subfield>
  </datafield>
  <datafield tag="100" ind1=" " ind2=" ">
    <subfield code="a">Punzi Ignazio</subfield>
    <subfield code="9">56042</subfield>
  </datafield>
  <datafield tag="245" ind1=" " ind2=" ">
    <subfield code="a">I quattro codici della vita umana</subfield>
    <subfield code="b">Filialit&#xE0;, maternit&#xE0;, paternit&#xE0;, fraternit&#xE0;</subfield>
  </datafield>
  <datafield tag="260" ind1=" " ind2=" ">
    <subfield code="a">Cinisello B. (MI)</subfield>
    <subfield code="b">San Paolo</subfield>
    <subfield code="c">2018</subfield>
  </datafield>
  <datafield tag="300" ind1=" " ind2=" ">
    <subfield code="a">pp. 172</subfield>
  </datafield>
  <datafield tag="500" ind1=" " ind2=" ">
    <subfield code="a">famiglia, ruoli-familiari, rapporti-familiari, rapporti-genitori-figli, rapporti-fratelli, paternit&#xE0;, maternit&#xE0;</subfield>
  </datafield>
  <datafield tag="520" ind1=" " ind2=" ">
    <subfield code="a">La misura del livello di interiorizzazione dei codici filiale, materno, paterno e fraterno determina il grado di armonia e maturit&#xE0; che abbiamo raggiunto. Per armonia e maturit&#xE0; intendiamo la capacit&#xE0; di accogliere e offrire vita, di avere cura di s&#xE9; e degli altri, di nutrire la propria interiorit&#xE0;, di vivere tutti gli eventi in maniera evolutiva, di abitare il conflitto in maniera generativa, di elaborare le perdite, di riconciliarsi con la propria storia, di perdonare e perdonarsi, di innovarsi e rigenerarsi, di vivere la fedelt&#xE0; al proprio desiderio, di sentirsi responsabili nei confronti di chi ci &#xE8; accanto e dell'ambiente naturale nel quale viviamo. Questo libro offre un modello antropologico conoscitivo e operativo per stare dentro tali processi con una consapevolezza e un'interiorit&#xE0; nuove. </subfield>
  </datafield>
  <datafield tag="650" ind1=" " ind2=" ">
    <subfield code="a">famiglia</subfield>
    <subfield code="9">56036</subfield>
  </datafield>
  <datafield tag="654" ind1=" " ind2=" ">
    <subfield code="a">saggio</subfield>
  </datafield>
  <datafield tag="942" ind1=" " ind2=" ">
    <subfield code="2">ddc</subfield>
    <subfield code="c">BK</subfield>
  </datafield>
  <datafield tag="952" ind1=" " ind2=" ">
    <subfield code="0">0</subfield>
    <subfield code="1">0</subfield>
    <subfield code="2">ddc</subfield>
    <subfield code="4">0</subfield>
    <subfield code="6">A_2271_000000000000000</subfield>
    <subfield code="7">1</subfield>
    <subfield code="a">CISF</subfield>
    <subfield code="b">CISF</subfield>
    <subfield code="d">2018-07-09</subfield>
    <subfield code="l">0</subfield>
    <subfield code="o">a2271</subfield>
    <subfield code="p">9788892211865</subfield>
    <subfield code="r">2018-07-09 00:00:00</subfield>
    <subfield code="w">2018-07-09</subfield>
    <subfield code="y">BK</subfield>
  </datafield>
</record>
